Diseño y construcción de un controlador digital para uso dedicado con algoritmo P.I.D
Guardado en:
| Autor principal: | |
|---|---|
| Otros Autores: | |
| Formato: | Libro |
| Publicado: |
[San José , Costa Rica]
1985
|
| Etiquetas: |
Agregar Etiqueta
Sin Etiquetas, Sea el primero en etiquetar este registro!
|
MARC
| LEADER | 00000nam a2200000Ia 4500 | ||
|---|---|---|---|
| 003 | 04435 | ||
| 005 | 20221231144401.0 | ||
| 008 | 140114s1985 cr a m 000 ||s d | ||
| 040 | |c cru CEDI | ||
| 090 | |a TFG 1688 | ||
| 100 | |a Güell, Jeffrey J |9 14502 | ||
| 245 | |a Diseño y construcción de un controlador digital para uso dedicado con algoritmo P.I.D | ||
| 260 | |c 1985 |a [San José , Costa Rica] | ||
| 300 | |a xiv, 101 [145] hojas : ilustraciones | ||
| 500 | |a Proyecto de graduación (bachiller en ingeniería eléctrica)--Universidad de Costa Rica. Facultad de Ingeniería. Escuela de Ingeniería Eléctrica."IE-502 Proyecto Eléctrico" | ||
| 700 | |9 14503 |a Haase M, Dirk | ||
| 942 | |c TFG | ||
| 999 | |c 21083 |d 21083 | ||
